00263nam a2200097Ia 4500008004100000082001200041100001700053245007700070260000900147300000900156190415s9999 xx 000 0 und d aRE.0002 aEswara, H.S. 0aLanguage behavior in relation to social acceptability : Res-earch report c1963 a94p.